Bangla Desh: background and perspectives / (Record no. 21773)
[ view plain ]
| 000 -LEADER | |
|---|---|
| fixed length control field | 01367cam a2200325 4500 |
| 001 - CONTROL NUMBER | |
| control field | 4123299 |
| 003 - CONTROL NUMBER IDENTIFIER | |
| control field | BDDh-ASL |
| 005 - DATE AND TIME OF LATEST TRANSACTION | |
| control field | 20231015030035.0 |
| 008 - FIXED-LENGTH DATA ELEMENTS--GENERAL INFORMATION | |
| fixed length control field | 710924s1971 ii abc b 000 0 eng |
| 010 ## - LIBRARY OF CONGRESS CONTROL NUMBER | |
| LC control number | 75921393 |
| 040 ## - CATALOGING SOURCE | |
| Original cataloging agency | DLC |
| Transcribing agency | DLC |
| Modifying agency | DLC |
| -- | BDDh-ASL |
| 043 ## - GEOGRAPHIC AREA CODE | |
| Geographic area code | a-bg--- |
| 050 00 - LIBRARY OF CONGRESS CALL NUMBER | |
| Classification number | DS485.B492 |
| Item number | K37 |
| 082 ## - DEWEY DECIMAL CLASSIFICATION NUMBER | |
| Classification number | 954.92 |
| Item number | KAB |
| 100 1# - MAIN ENTRY--PERSONAL NAME | |
| Personal name | Kashyap, Subhash C. |
| 245 10 - TITLE STATEMENT | |
| Title | Bangla Desh: background and perspectives / |
| Statement of responsibility, etc. | Editor: Subhash C. Kashyap; assistant editor: R. S. Kapuria. General editor: L. M. Singhvi. |
| 260 ## - PUBLICATION, DISTRIBUTION, ETC. | |
| Place of publication, distribution, etc. | Delhi: |
| Name of publisher, distributor, etc. | National Pub. House, |
| Date of publication, distribution, etc. | 1971. |
| 300 ## - PHYSICAL DESCRIPTION | |
| Extent | 187 p. : |
| Other physical details | illus., maps, ports. |
| Dimensions | 23 cm. |
| 350 ## - PRICE (NR) (BK AM CF MU VM SE) [OBSOLETE] | |
| Price | Rs18.00 |
| 500 ## - GENERAL NOTE | |
| General note | "An I.C.P.S. publication." |
| 500 ## - GENERAL NOTE | |
| General note | On t.p.: The Institute of Constitutional and Parliamentary Studies, New Delhi. |
| 500 ## - GENERAL NOTE | |
| General note | "The present volume is the outcome of a symposium meeting held by the Institute of Constitutional and Parliamentary Studies on 'Recognition of Bangla Desh: legal, political, and moral issues.'" |
| 504 ## - BIBLIOGRAPHY, ETC. NOTE | |
| Bibliography, etc. note | Bibliography: p. [169]-187. |
| 651 #0 - SUBJECT ADDED ENTRY--GEOGRAPHIC NAME | |
| Geographic name | Bangladesh |
| General subdivision | Politics and government. |
| 700 1# - ADDED ENTRY--PERSONAL NAME | |
| Personal name | Kapuria, R. S., |
| Relator term | ed. |
| 700 1# - ADDED ENTRY--PERSONAL NAME | |
| Personal name | Singhvi, L. M. |
| Fuller form of name | (Laxmi Mall), |
| Dates associated with a name | 1931-2007, |
| Relator term | ed. |
| 710 2# - ADDED ENTRY--CORPORATE NAME | |
| Corporate name or jurisdiction name as entry element | Institute of Constitutional and Parliamentary Studies (New Delhi, India) |
| 906 ## - LOCAL DATA ELEMENT F, LDF (RLIN) | |
| a | 7 |
| b | cbc |
| c | orignew |
| d | 4 |
| e | ncip |
| f | 19 |
| g | y-gencatlg |
| 942 ## - ADDED ENTRY ELEMENTS (KOHA) | |
| Source of classification or shelving scheme | Dewey Decimal Classification |
| Koha item type | Books |
| Withdrawn status | Lost status | Source of classification or shelving scheme | Damaged status | Not for loan | Collection code | Home library | Current library | Shelving location | Date acquired | Source of acquisition | Total Checkouts | Full call number | Barcode | Date last seen | Copy number | Price effective from | Koha item type |
|---|---|---|---|---|---|---|---|---|---|---|---|---|---|---|---|---|---|
| Dewey Decimal Classification | Non-fiction | Asiatic Society Library | Asiatic Society Library | General Stacks | 02/14/2021 | ASB Library Collections | 954.92 KAB | 105718 | 02/14/2021 | C-1 | 02/14/2021 | Books |